Evaluation of surgical treatment of displaced pediatric radius & ulna shaft fractures by percutaneous cross K-wiring /
Saved in:
| Main Author: | |
|---|---|
| Format: | Thesis Book |
| Language: | English |
| Published: |
2004.
|
| Subjects: | |
| Tags: |
Add Tag
No Tags, Be the first to tag this record!
|
| LEADER | 00918nam a2200229 a 4500 | ||
|---|---|---|---|
| 001 | u697008 | ||
| 003 | SIRSI | ||
| 008 | 920910s2004 my t 00 1 eng | ||
| 035 | |a ADB-7987 | ||
| 040 | |a UMP | ||
| 096 | |a WE168 |b UM 2004 Cha | ||
| 100 | 1 | 0 | |a Chang, Kok Chun. |
| 245 | 1 | 0 | |a Evaluation of surgical treatment of displaced pediatric radius & ulna shaft fractures by percutaneous cross K-wiring / |c Chang Kok Chun. |
| 260 | 0 | |c 2004. | |
| 300 | |a 112 leaves : |b ill. ; |c 30 cm. | ||
| 502 | |a Dissertation (M.O.S.) -- Department of Surgery Orthopaedic, Faculty of Medicine, University of Malaya, 2004. | ||
| 504 | |a Bibliography: leaves 109-112. | ||
| 650 | 2 | |a Fractures |x in infancy & childhood |x surgery. | |
| 710 | 2 | 0 | |a Universiti Malaya. |b Jabatan Surgeri Ortopedik. |
| 948 | |a 09/07/2004 |b 09/07/2004 | ||
| 596 | |a 2 | ||
| 999 | |a WE168 UM 2004 CHA |w NLM |c 1 |i A502698095 |d 5/8/2005 |f 5/8/2005 |g 2 |l TESIS |m P02MEDKL |r Y |s Y |t TESIS |u 5/8/2005 | ||
